| 000 | 00504nam a22001817a 4500 | ||
|---|---|---|---|
| 008 | 170321b xxu||||| |||| 00| p tur d | ||
| 020 | _a975080550X | ||
| 041 | _atur | ||
| 050 | _aPL248.D4637 | ||
| 100 |
_9710 _aEyüp Yaşar |
||
| 245 | _aKimsesizlik İkilisi | ||
| 250 | _a1. Baskı | ||
| 260 |
_aİstanbul _bYapı Kredi Yayınları _cŞubat 2003 |
||
| 300 | _a33 sayfa | ||
| 500 | _aYapı Kredi Yayınları 1794; Şiir 163 2 adet mevcuttur. | ||
| 650 | 0 |
_9145 _aTürk Edebiyatı |
|
| 942 |
_2lcc _cBK |
||
| 999 |
_c1149 _d1127 |
||